000 01010cam a22001934a 4500
005 20250605163943.0
008 250528s ||||||||||||||||||||||||d
035 _a15116
020 _a135274168
040 _aGR-AtMCL
_bgre
_dGR-AtMCL
_eAACR2
245 1 _aLearning from Case Studies
260 _bPrentice Hall International,
_c1982
300 _a206
520 _aThe writer in this book shows students how to analyze a case, evaluate the information, diagnose the problems, create possible solutions, and choose the most suitable. Preface, The Case Method, A Step by Step Approach, Step One: Understanding the Situation, Step Two: Diagnosing the Problems, Step Three: Creating Alternative Solutions, Step Four: Predicting Outcomes, Step Five: Choosing Among Alternatives, Step Six: Rounding Out the Analysis, Step Seven: Communicating Results, Getting the Most Out of the Case Studies, Further Reading, Index.
700 1 _aEaston Geoff
_9965
942 _cBK
999 _c713
_d713